Первый Всероссийский съезд ветеринарных врачей (Запись № 5127751)

Подробности
000 -МАРКЕР
контрольное поле 01656nam0a22003251 4500
001 - ИДЕНТИФИКАТОР ЗАПИСИ
контрольное поле v19\rc\1781461
005 - ИДЕНТИФИКАТОР ВЕРСИИ
контрольное поле 20250619073537.0
035 ## - ДРУГИЕ СИСТЕМНЫЕ НОМЕРА
Идентификатор записи (NLR Aleph) 004875471
100 ## - ДАННЫЕ ОБЩЕЙ ОБРАБОТКИ
Данные общей обработки 20061204d1904 |||y0rusy50 ca
101 0# - ЯЗЫК РЕСУРСА
Язык текста, звукозаписи и т.д. русский
102 ## - СТРАНА ПУБЛИКАЦИИ ИЛИ ПРОИЗВОДСТВА
Страна публикации Российская Федерация
105 ## - ПОЛЕ КОДИРОВАННЫХ ДАННЫХ: ТЕКСТОВЫЕ МАТЕРИАЛЫ, МОНОГРАФИЧЕСКИЕ
Кодированные данные о монографическом текстовом документе y z |||||
200 1# - ЗАГЛАВИЕ И СВЕДЕНИЯ ОБ ОТВЕТСТВЕННОСТИ
Основное заглавие Первый Всероссийский съезд ветеринарных врачей
Первые сведения об ответственности Под руководством преп. Орг. ком. Первого Всерос. съезда вет. врачей А.Е. Архангельского, сост. делопроизводитель того же Ком. П.Д. Осипчук
Последующие сведения об ответственности Фотогр. снимки исполнены фотографом А. Оцупом
210 ## - ПУБЛИКАЦИЯ, РАСПРОСТРАНЕНИЕ И ДР.
Место издания, распространения и т.д. Санкт-Петербург
Имя издателя, распространителя и т. д. Орг. ком. Первого Всерос. съезда вет. врачей
Дата издания, распространения и т.д. 1904
215 ## - ФИЗИЧЕСКАЯ ХАРАКТЕРИСТИКА
Специфическое обозначение материала и объем 44 с., 32 л. фотогр.
Размеры 25х31
300 ## - ОБЩИЕ ПРИМЕЧАНИЯ
Текст примечания На с. 35 авт.: Петр Осипчук
700 #1 - ИМЯ ЛИЦА - ПЕРВИЧНАЯ ОТВЕТСТВЕННОСТЬ
Начальный элемент ввода Осипчук
Часть имени, кроме начального элемента ввода П.Д.
Даты 1869-
Расширение инициалов личного имени Петр Дмитриевич
702 #1 - ИМЯ ЛИЦА - ВТОРИЧНАЯ ОТВЕТСТВЕННОСТЬ
Код отношения Редактор
Графика поля Кириллица
Материалы, к которым относится поле rus
Начальный элемент ввода Архангельский
Часть имени, кроме начального элемента ввода А. Е.
Дополнения к именам, кроме дат ветеринар
Даты 1858-1906
Расширение инициалов личного имени Алексей Ефимович
Системный номер авторитетной/нормативной записи 221157
Идентификатор авторитетной/нормативной записи RU\NLR\AUTH\770221213
702 #1 - ИМЯ ЛИЦА - ВТОРИЧНАЯ ОТВЕТСТВЕННОСТЬ
Начальный элемент ввода Оцуп
Часть имени, кроме начального элемента ввода А.А.
Расширение инициалов личного имени Александр Адольфович
Код отношения Иллюстратор
712 12 - НАИМЕНОВАНИЕ ОРГАНИЗАЦИИ - ВТОРИЧНАЯ ОТВЕТСТВЕННОСТЬ
Начальный элемент ввода Всероссийский съезд ветеринарных врачей
Порядковый номер временной организации и / или порядковый номер ее части 1
Дата проведения временной организации 1903
Место проведения временной организации Петербург
801 #0 - ИСТОЧНИК ЗАПИСИ
Страна Российская Федерация
Организация NLR
Правила каталогизации psbo
801 #0 - ИСТОЧНИК ЗАПИСИ
Страна Российская Федерация
Организация RuMoRGB
Источник данных psbo
801 #1 - ИСТОЧНИК ЗАПИСИ
Страна Российская Федерация
Организация ProSoft-M
Источник данных rusmarc
852 ## - МЕСТОНАХОЖДЕНИЕ И ШИФР ХРАНЕНИЯ
Идентификатор организации NLR
Шифр хранения (Call Number) 38.25.2.35
899 ## - ДАННЫЕ О МЕСТОНАХОЖДЕНИИ (устаревшее)
Местонахождение RuMoRGB
Шифр хранения A 298/793
899 ## - ДАННЫЕ О МЕСТОНАХОЖДЕНИИ (устаревшее)
Местонахождение БАН
942 ## - ДОПОЛНИТЕЛЬНЫЕ ЭЛЕМЕНТЫ ЗАПИСИ (АБИС)
Тип экземпляра АБИС Книга
980 ## - КОЛЛЕКЦИЯ
Название коллекции Национальная библиография
Экземпляры
Тип экземпляра Дата поступления Библиотека постоянного хранения Библиотека текущего хранения Место хранения Шифр хранения Штрих-код Статус экземпляра
Книга 26.10.2013 РНБ (Московский) РНБ (Московский) Неопределен, для заказа не доступен, в ЭК виден   4875471-30  
Книга 26.10.2013 РНБ (Садовая) РНБ (Садовая) Русский книжный фонд -Главное здание, Ленинский читальный зал 38.25.2.35 1-3379905